Sistema SFAWEB (Sales force automation web), a traves de datos interesantes / Roberto Martínez Moreno (Registro nro. 22480)
[ vista simple ]
| 000 -LÍDER | |
|---|---|
| fixed length control field | 00511nam a2200133 4500 |
| 008 - ELEMENTOS DE LONGITUD FIJA -- INFORMACIÓN GENERAL | |
| fixed length control field | 0 2007 0a 000 0mex |
| 050 ## - SIGNATURA TOPOGRAFICA DE LA BIBLIOTECA DEL CONGRESO (LC) | |
| Número de Clasificación | QA76.2154 T4 M3 2007 |
| 082 ## - NUMERO DE CLASIFICACION DECIMAL DEWEY | |
| Número de Clasificación | 005.7421 M3s |
| 100 ## - ASIENTO PRINCIPAL--NOMBRE PERSONAL | |
| Nombre personal | Martínez Moreno, Roberto |
| 245 ## - TÍTULO | |
| Título | Sistema SFAWEB (Sales force automation web), a traves de datos interesantes / Roberto Martínez Moreno |
| 300 ## - DESCRIPCIÓN FÍSICA | |
| Extensión | 142 p. / 28 cm. |
| 502 ## - NOTA DE TESIS | |
| Nota de tesis | Tesis. Opción I. I.T.Z. (Sistemas Computacionales) M.C. Claudia Noguerón Gonz lez |
| 650 ## - ASIENTO SECUNDARIO DE MATERIA - TERMINO TEMÁTICO | |
| Término temático o nombre geográfico como elemento de entrada | 1. WEB 2. INTERNET |
| No. biblioteca | No. biblioteca | Número de clasificación | Código de barras/Número de adquisición | Número de copia | Tipo de material |
|---|---|---|---|---|---|
| LUIS G. INCLAN | LUIS G. INCLAN | 005.7421 M3s | SC684-2007 | 1 | Libros |
